000 00321nam a22001337a 4500
008 170623b xxu||||| |||| 00| 0 eng d
020 _a9780275948665
041 _aeng
080 _a328
100 _a21
101 _aSHP
245 _aTHE GOVERNMENT AND POLITICS OF POSTCOMMUNIST EUROPE
_cMICHTA,A.A
942 _2udc
_cBK
999 _c18870
_d18870